000 00361nam a22001457a 4500
999 _c15597
_d15597
003 OSt
008 190517b ||||| |||| 00| 0 eng d
020 _a9788170356738
082 _a641.692
_bDHO/DE
100 _aDholakia, A D
_94077
245 _aDelicious seafood recipes
260 _aNew Delhi
_bDaya publishing House
_c2018
300 _a189 p.
942 _cBK